[Event "Sparkassen-Open B"]
[Site "Heusenstamm, Martinsee"]
[Date "2016.11.27"]
[Round "4.14"]
[White "Schneider, Kevin"]
[Black "Riemann, Jonas"]
[Result "0-1"]
[WhiteElo "1671"]
[BlackElo "1527"]
[PlyCount "108"]
[EventDate "2016.??.??"]
[WhiteTeam "SC Breuberg"]
[BlackTeam "SK Bickenbach"]

1. e4 e6 2. d4 d5 3. Nd2 Nf6 4. e5 Nfd7 5. Bd3 c5 6. c3 Nc6 7. Ne2 cxd4 8. cxd4
f6 9. exf6 Nxf6 10. Nf3 Bd6 11. O-O Qc7 12. Bd2 O-O 13. Nc3 a6 14. Qe2 Bd7 15.
Rac1 Rae8 16. Bb1 Qb8 17. Bg5 Re7 18. a3 Be8 19. Bh4 Bg6 20. Bxg6 hxg6 21. Qd3
Qe8 22. Rce1 g5 23. Bxg5 Qh5 24. h4 Ree8 25. Ne5 Bxe5 26. dxe5 Nh7 27. Qe2 Qg6
28. Qd2 Rf5 29. Bf4 Qg4 30. Bg3 Nf8 31. Nd1 d4 32. Qe2 Qg6 33. Bh2 Rh5 34. Qe4
Qxe4 35. Rxe4 Ng6 36. Bg3 Ngxe5 37. Bxe5 Rxe5 38. Rfe1 Rxe4 39. Rxe4 Kf7 40.
Kf1 e5 41. Ke2 Ke6 42. Rg4 Re7 43. f3 Kd5 44. Kd3 Nd8 45. Nf2 Ne6 46. Ne4 Rc7
47. g3 Rf7 48. Nd2 Nc5+ 49. Kc2 Rc7 50. b4 Ne4+ 51. Kd3 Nf2+ 52. Ke2 Nxg4 53.
fxg4 e4 54. Nb3 b6 0-1

[Event "Sparkassen-Open B"]
[Site "Heusenstamm, Martinsee"]
[Date "2016.11.27"]
[Round "4.15"]
[White "Baranyai-Molnar, Adam-Kristof"]
[Black "Plötz, Hans-Jürgen"]
[Result "1-0"]
[WhiteElo "1663"]
[BlackElo "1625"]
[PlyCount "47"]
[EventDate "2016.??.??"]
[WhiteTeam "SF Neuberg"]
[BlackTeam "SC Bad Nauheim"]

1. e4 d6 2. Nf3 Nf6 3. Nc3 Nbd7 4. d4 e5 5. dxe5 dxe5 6. Bc4 h6 7. h3 c6 8. Be3
Bc5 9. Bxc5 Nxc5 10. Qxd8+ Kxd8 11. Nxe5 Ke7 12. Nxf7 Rf8 13. Ne5 Nfxe4 14.
Nxe4 Nxe4 15. Ng6+ Ke8 16. Nxf8 Kxf8 17. O-O-O g5 18. Rd8+ Ke7 19. Rhd1 Nxf2
20. R1d4 b5 21. Bd3 c5 22. R4d6 Nxd3+ 23. cxd3 Bb7 24. R8d7+ 1-0

[Event "Sparkassen-Open B"]
[Site "Heusenstamm, Martinsee"]
[Date "2016.11.27"]
[Round "4.16"]
[White "Westhof, Benedikt"]
[Black "Künitz, Klaus"]
[Result "0-1"]
[WhiteElo "1364"]
[BlackElo "1757"]
[PlyCount "66"]
[EventDate "2016.??.??"]
[WhiteTeam "SC Heusenstamm"]
[BlackTeam "TSV Schott Mainz"]

1. d4 f5 2. c4 d6 3. Nf3 g6 4. Bf4 Nf6 5. Nc3 Bg7 6. e3 O-O 7. Bd3 Nc6 8. O-O
Nh5 9. Bg5 Nb4 10. Be2 c6 11. a3 Na6 12. b4 Nc7 13. Qb3 h6 14. Bh4 Qe8 15. Nd2
g5 16. Bg3 f4 17. exf4 gxf4 18. Bh4 Bxd4 19. Bxe7 Qxe7 20. Bxh5 Qg7 21. Rac1
Bh3 22. Bf3 Bxg2 23. c5+ Kh8 24. Bxg2 f3 25. Nxf3 Rxf3 26. Kh1 Rxc3 27. Rxc3
Bxc3 28. cxd6 Rg8 29. Bh3 Nd5 30. Qc4 Qf6 31. Qd3 Qxd6 32. Rc1 Be5 33. Re1 Qf6
0-1

[Event "Sparkassen-Open B"]
[Site "Heusenstamm, Martinsee"]
[Date "2016.11.27"]
[Round "4.17"]
[White "Füssel, Jan Michael"]
[Black "Ketting, Douwe"]
[Result "1/2-1/2"]
[WhiteElo "1754"]
[BlackElo "1584"]
[PlyCount "60"]
[EventDate "2016.??.??"]
[WhiteTeam "VSG Offenbach"]
[BlackTeam "SC Somborn"]

1. b3 Nf6 2. e3 g6 3. Bb2 Bg7 4. Nf3 d6 5. Be2 c5 6. O-O O-O 7. c4 Nc6 8. d4
Ne4 9. Nc3 Nxc3 10. Bxc3 Qb6 11. dxc5 dxc5 12. Bxg7 Kxg7 13. Qc2 f6 14. Rfd1
Be6 15. Rd2 Rad8 16. Rad1 Rxd2 17. Rxd2 Rd8 18. Ne1 Bf5 19. Qd1 Rxd2 20. Qxd2
Qb4 21. Qxb4 Nxb4 22. a3 Nc2 23. Nxc2 Bxc2 24. b4 b6 25. Kf1 Bf5 26. Ke1 Kf7
27. Kd2 Ke6 28. Bf3 Kd6 29. Bb7 cxb4 30. axb4 a5 1/2-1/2

[Event "Sparkassen-Open B"]
[Site "Heusenstamm, Martinsee"]
[Date "2016.11.27"]
[Round "4.18"]
[White "Hauk, Roland"]
[Black "Stork, Christopher"]
[Result "1-0"]
[WhiteElo "1739"]
[BlackElo "1561"]
[PlyCount "37"]
[EventDate "2016.??.??"]
[WhiteTeam "SK Endingen"]
[BlackTeam "SV Oberursel"]

1. e4 e5 2. Nf3 Nc6 3. Bc4 Bc5 4. c3 Nf6 5. d4 exd4 6. cxd4 Bb4+ 7. Nc3 Nxe4 8.
O-O Bxc3 9. d5 Bf6 10. Re1 Ne7 11. Rxe4 d6 12. Bg5 Bxg5 13. Nxg5 h6 14. Nxf7
Kxf7 15. Qf3+ Kg8 16. Rae1 Qf8 17. Qxf8+ Kxf8 18. Rxe7 Kg8 19. Re8+ 1-0

[Event "Sparkassen-Open B"]
[Site "Heusenstamm, Martinsee"]
[Date "2016.11.27"]
[Round "4.19"]
[White "Mügendt, Brian Christopher"]
[Black "Lehmann, Nils"]
[Result "1-0"]
[WhiteElo "1720"]
[BlackElo "1505"]
[PlyCount "109"]
[EventDate "2016.??.??"]
[WhiteTeam "SC Heusenstamm"]
[BlackTeam "SV Lahn Limburg"]

1. e4 e5 2. Nf3 Nc6 3. Bb5 a6 4. Ba4 Bc5 5. c3 d6 6. d4 exd4 7. cxd4 Bb4+ 8.
Bd2 Bxd2+ 9. Nbxd2 Bd7 10. O-O Nf6 11. Bc2 O-O 12. a3 Bg4 13. Qb1 h6 14. Re1
Re8 15. b4 Rb8 16. Re3 Bxf3 17. Nxf3 Re7 18. Qb2 Qe8 19. Rae1 Rd8 20. Nh4 g6
21. h3 Nd7 22. Bb3 Nb6 23. Nxg6 Red7 24. Rg3 Kh7 25. Nh4 Re7 26. f3 d5 27. Nf5
Re6 28. Qc1 Ne7 29. Ng7 Qc6 30. Nxe6 Qxc1 31. Rxc1 fxe6 32. Rxc7 Re8 33. Rxb7
Nc4 34. Ba4 Nd6 35. Bxe8 Nxb7 36. e5 Nd8 37. f4 Kh8 38. Rd3 Kg7 39. g4 Kf8 40.
Bd7 Kg7 41. f5 exf5 42. gxf5 Kf7 43. Rg3 h5 44. Rg5 h4 45. Rh5 Nb7 46. Rxh4 Nd8
47. Rg4 Nb7 48. h4 Nd8 49. h5 Kf8 50. f6 Ng8 51. Rg6 Nf7 52. Be6 Nfh6 53. Bxg8
Nxg8 54. e6 a5 55. h6 1-0

[Event "Sparkassen-Open B"]
[Site "Heusenstamm, Martinsee"]
[Date "2016.11.27"]
[Round "4.20"]
[White "Mayer, Rolf"]
[Black "Kail, Thomas"]
[Result "1/2-1/2"]
[WhiteElo "1504"]
[BlackElo "1658"]
[PlyCount "60"]
[EventDate "2016.??.??"]
[WhiteTeam "SC Flörsheim"]
[BlackTeam "SK Klingenberg"]

1. d4 Nf6 2. Nf3 d5 3. Bf4 e6 4. e3 Bd6 5. Bg3 Ne4 6. Nbd2 Nxg3 7. hxg3 Bd7 8.
Bd3 h6 9. c3 Nc6 10. Qc2 Qe7 11. O-O-O O-O-O 12. Rde1 Kb8 13. e4 dxe4 14. Bxe4
Qf8 15. Nc4 Re8 16. Nce5 Bxe5 17. Nxe5 Nxe5 18. dxe5 Qc5 19. f4 Bc6 20. Bxc6
Qxc6 21. Rd1 Rd8 22. Rd2 g6 23. Rhd1 Kc8 24. Qb3 h5 25. Qa3 Rxd2 26. Rxd2 a6
27. Qe7 Qe8 28. Qxe8+ Rxe8 29. Kc2 Re7 30. b4 Rd7 1/2-1/2

[Event "Sparkassen-Open B"]
[Site "Heusenstamm, Martinsee"]
[Date "2016.11.27"]
[Round "4.22"]
[White "Martin, Lukas"]
[Black "Haack, Kevin"]
[Result "0-1"]
[WhiteElo "1421"]
[BlackElo "1644"]
[PlyCount "92"]
[EventDate "2016.??.??"]
[WhiteTeam "SC Bad Soden"]
[BlackTeam "SC Sulzbach"]

1. d4 d5 2. c4 e6 3. Nc3 Nf6 4. Nf3 Be7 5. Bf4 c5 6. e3 Nc6 7. cxd5 Nxd5 8.
Nxd5 exd5 9. dxc5 Bxc5 10. Bb5 Qa5+ 11. Qd2 Bb4 12. Bxc6+ bxc6 13. Qxb4 Qxb4+
14. Nd2 Qxb2 15. Rd1 Qxa2 16. O-O O-O 17. Rfe1 Bf5 18. Nf1 Rab8 19. Ra1 Qc4 20.
Bxb8 Rxb8 21. Rxa7 h6 22. Raa1 Rb2 23. Rec1 Rc2 24. Re1 Qd3 25. Ra8+ Kh7 26.
Ra7 Be6 27. Raa1 Qf5 28. f3 Qg5 29. Ng3 h5 30. Re2 Rxe2 31. Nxe2 Bh3 32. Ng3 h4
33. Ra4 Qxe3+ 34. Kf1 hxg3 35. hxg3 Qxf3+ 36. Ke1 Qc3+ 37. Kf1 Qc1+ 38. Kf2
Qc2+ 39. Ke3 Qxa4 40. gxh3 Qe4+ 41. Kd2 d4 42. Kc1 Qe2 43. Kb1 d3 44. Ka1 Qc2
45. g4 d2 46. g5 d1=Q# 0-1

[Event "Sparkassen-Open B"]
[Site "Heusenstamm, Martinsee"]
[Date "2016.11.27"]
[Round "4.23"]
[White "Strate, Wolfgang"]
[Black "Prümm, Stephan"]
[Result "0-1"]
[WhiteElo "1637"]
[BlackElo "1482"]
[PlyCount "62"]
[EventDate "2016.??.??"]
[WhiteTeam "SC Eschbach"]
[BlackTeam "SC Heusenstamm"]

1. d4 f5 2. Nf3 Nf6 3. Bf4 e6 4. e3 b6 5. c4 Bb4+ 6. Nc3 Bb7 7. a3 Bxc3+ 8.
bxc3 O-O 9. h3 d6 10. Be2 Nbd7 11. O-O Qe7 12. Qb3 Kh8 13. Rfd1 Ne4 14. d5 e5
15. Bh2 Ndc5 16. Qc2 Bc8 17. Nd2 Qh4 18. Nxe4 Nxe4 19. Bf3 Nc5 20. Be2 Rf6 21.
Bg3 Qh6 22. Bd3 Bd7 23. Qd2 Nb3 24. Qe2 Nxa1 25. Rxa1 g5 26. Qb2 f4 27. exf4
gxf4 28. Bh2 Rg8 29. Kh1 Bxh3 30. gxh3 Qxh3 31. Be4 f3 0-1

[Event "Sparkassen-Open B"]
[Site "Heusenstamm, Martinsee"]
[Date "2016.11.27"]
[Round "4.24"]
[White "Herdt, Werner"]
[Black "Bayer, Melissa"]
[Result "0-1"]
[WhiteElo "1404"]
[BlackElo "1552"]
[PlyCount "100"]
[EventDate "2016.??.??"]
[WhiteTeam "SF Heusenstamm"]
[BlackTeam "SK Gründau"]

1. d4 d5 2. c4 e6 3. Nc3 Nf6 4. Nf3 Be7 5. e3 O-O 6. Bd3 Nbd7 7. O-O Re8 8. Re1
Nf8 9. c5 b6 10. b4 a5 11. Ba3 axb4 12. Bxb4 bxc5 13. Bxc5 Bxc5 14. dxc5 Qe7
15. c6 Qd6 16. Bb5 Ba6 17. a4 Reb8 18. Rb1 Bxb5 19. axb5 Ra3 20. Qd4 Ng6 21.
Rec1 e5 22. Qb4 Qxb4 23. Rxb4 Kf8 24. h3 Ke7 25. Kf1 h6 26. Ne2 Ne8 27. Rcb1
Rb6 28. Ng3 Ke6 29. Ne2 Ne7 30. R4b3 Ra5 31. Nc3 Nd6 32. Ke1 Nec8 33. Kd1 Na7
34. Ne1 Naxb5 35. Nxb5 Raxb5 36. Rxb5 Rxb5 37. Rxb5 Nxb5 38. Nd3 Kd6 39. Kc2 e4
40. Nb4 Kc5 41. Kb3 Na7 42. Kc3 Nxc6 43. Nxc6 Kxc6 44. Kd4 Kd6 45. f4 exf3 46.
gxf3 c5+ 47. Kc3 Ke5 48. Kd3 c4+ 49. Kc3 f5 50. h4 f4 0-1

[Event "Sparkassen-Open B"]
[Site "Heusenstamm, Martinsee"]
[Date "2016.11.27"]
[Round "4.25"]
[White "Urbach, Jens"]
[Black "Fritsch, Reinhold"]
[Result "1/2-1/2"]
[WhiteElo "1599"]
[BlackElo "1441"]
[PlyCount "78"]
[EventDate "2016.??.??"]
[WhiteTeam "SF Frankfurt"]
[BlackTeam "SC Somborn"]

1. e4 d6 2. d4 Nd7 3. Nf3 g6 4. Be2 Bg7 5. O-O e5 6. c3 Ngf6 7. Bg5 O-O 8. dxe5
dxe5 9. Na3 Qe8 10. Nb5 Qd8 11. Qc2 a6 12. Na3 Qe8 13. b4 h6 14. Bxf6 Bxf6 15.
Qd2 Bg7 16. h3 Nf6 17. Bd3 Bd7 18. Nc4 Nh5 19. Kh2 Rd8 20. Qe3 Nf4 21. Rad1 Bb5
22. Nb2 Nxd3 23. Nxd3 Bc4 24. Rd2 Qb5 25. Rfd1 Kh7 26. a4 Qe8 27. Nb2 Rxd2 28.
Rxd2 Be6 29. Qc5 Qc6 30. Qxc6 bxc6 31. Nd3 Rd8 32. Nc5 Rxd2 33. Nxd2 Bc8 34.
Nc4 f6 35. Na5 Bf8 36. Nd3 Bd7 37. c4 Kg7 38. Nb3 Kf7 39. Nbc5 Bc8 1/2-1/2

[Event "Sparkassen-Open B"]
[Site "Heusenstamm, Martinsee"]
[Date "2016.11.27"]
[Round "4.26"]
[White "Kellner, Günter"]
[Black "Brunner, Andreas"]
[Result "1-0"]
[WhiteElo "1587"]
[BlackElo "1413"]
[Annotator "Schloessner,Henrik"]
[PlyCount "51"]
[EventDate "2016.??.??"]
[WhiteTeam "Obertshausen"]
[BlackTeam "FV Berkersheim"]

1. c4 c5 2. Nc3 Nc6 3. Nf3 Nf6 4. g3 g6 5. b3 Bg7 6. Bb2 O-O 7. Bg2 Re8 8. O-O
e6 9. d4 cxd4 10. Nxd4 Nxd4 11. Qxd4 Qb6 12. Qd2 Qb4 13. Rad1 Rd8 14. Nb5 Qxd2
15. Rxd2 Ne8 16. Bxg7 Kxg7 17. Nd6 Nxd6 18. Rxd6 Kf6 19. Rfd1 Ke7 20. c5 a5 21.
Rb6 Ra7 22. a4 d5 23. cxd6+ Kd7 24. e3 f5 25. Rc1 e5 26. Bd5 {Der Rest ist
nicht nachvollziehbar!} 1-0

[Event "Sparkassen-Open B"]
[Site "Heusenstamm, Martinsee"]
[Date "2016.11.27"]
[Round "4.27"]
[White "Senatov, Boris"]
[Black "Wöhl, Torsten"]
[Result "1-0"]
[WhiteElo "1404"]
[BlackElo "1586"]
[PlyCount "45"]
[EventDate "2016.??.??"]
[WhiteTeam "SC Heusenstamm"]
[BlackTeam "SC Groß-Zimmern"]

1. e4 e6 2. d4 d5 3. Nc3 Bb4 4. e5 Ne7 5. f4 c5 6. a3 Bxc3+ 7. bxc3 cxd4 8.
cxd4 Nbc6 9. Nf3 Nf5 10. c3 O-O 11. Bd3 Nce7 12. O-O Bd7 13. a4 a6 14. g4 Nh6
15. Ng5 Ng6 16. f5 exf5 17. gxf5 Nh4 18. f6 g6 19. Nxh7 Kxh7 20. Qh5 N4f5 21.
Bxf5 Bxf5 22. Qxh6+ Kg8 23. Qg7# 1-0

[Event "Sparkassen-Open B"]
[Site "Heusenstamm, Martinsee"]
[Date "2016.11.27"]
[Round "4.28"]
[White "Thede, Stefan"]
[Black "Spill, Werner"]
[Result "1-0"]
[WhiteElo "1646"]
[BlackElo "1436"]
[PlyCount "57"]
[EventDate "2016.??.??"]
[WhiteTeam "SV Frankfurt Nord"]
[BlackTeam "SC Königsspringer Alzenau"]

1. Nf3 d5 2. g3 Nf6 3. Bg2 Bf5 4. d3 c6 5. Nbd2 e6 6. O-O Bd6 7. Re1 O-O 8. e4
Bg6 9. e5 Bc7 10. exf6 Qxf6 11. Nf1 Bh5 12. c3 Nd7 13. N1d2 Ne5 14. d4 Nxf3+
15. Bxf3 Bxf3 16. Qxf3 Qe7 17. Qd3 f6 18. Nf1 e5 19. b3 e4 20. Qe2 f5 21. f4
Rf6 22. Ne3 Qf7 23. c4 Rg6 24. Kf2 Ba5 25. Bd2 Bb6 26. c5 Bc7 27. Qh5 Rf8 28.
Bc3 Rh6 29. Qxf7+ 1-0

[Event "Sparkassen-Open B"]
[Site "Heusenstamm, Martinsee"]
[Date "2016.11.27"]
[Round "4.29"]
[White "Lambrecht, Harald"]
[Black "Werner, Tom"]
[Result "0-1"]
[WhiteElo "1427"]
[BlackElo "1667"]
[PlyCount "36"]
[EventDate "2016.??.??"]
[WhiteTeam "SK Celle-Westercelle"]
[BlackTeam "VSG Offenbach"]

1. d4 d5 2. Nf3 Nc6 3. Bf4 Nf6 4. e3 a6 5. c4 e6 6. Nc3 Bb4 7. a3 Bxc3+ 8. bxc3
Ne4 9. Qc2 O-O 10. Bd3 f5 11. Ne5 Nxe5 12. dxe5 c6 13. f3 Nc5 14. Be2 Qa5 15.
O-O Na4 16. Rfc1 b5 17. cxd5 cxd5 18. g4 Bd7 0-1

[Event "Sparkassen-Open B"]
[Site "Heusenstamm, Martinsee"]
[Date "2016.11.27"]
[Round "4.30"]
[White "Werner, Rosalie"]
[Black "Basovskiy, Jana"]
[Result "1/2-1/2"]
[WhiteElo "1380"]
[BlackElo "1571"]
[PlyCount "72"]
[EventDate "2016.??.??"]
[WhiteTeam "VSG Offenbach"]
[BlackTeam "SK Mannheim"]

1. e4 c5 2. Nf3 e6 3. d4 cxd4 4. Nxd4 Nf6 5. Nc3 Nc6 6. Ndb5 Bb4 7. a3 Bxc3+ 8.
Nxc3 d5 9. exd5 exd5 10. Bd3 O-O 11. O-O d4 12. Ne2 Re8 13. Bf4 Bg4 14. f3 Bh5
15. Ng3 Bg6 16. Bxg6 hxg6 17. Qd2 Qb6 18. Kh1 Nd5 19. Ne4 Nxf4 20. Qxf4 Ne7 21.
Qd2 Nd5 22. Rfe1 Ne3 23. Nf2 Rac8 24. c3 dxc3 25. bxc3 Nc4 26. Qd4 Qxd4 27.
cxd4 Nxa3 28. Rxe8+ Rxe8 29. Rd1 Nb5 30. h3 Rd8 31. d5 Nc3 32. Rd3 Nxd5 33. Ng4
Rd7 34. Ne5 Rd6 35. Ng4 Rd7 36. Ne5 Rd6 1/2-1/2

[Event "Sparkassen-Open B"]
[Site "Heusenstamm, Martinsee"]
[Date "2016.11.27"]
[Round "4.31"]
[White "Friedel, Thomas"]
[Black "Hänselmann, Hendrik"]
[Result "1/2-1/2"]
[WhiteElo "1578"]
[BlackElo "1337"]
[PlyCount "103"]
[EventDate "2016.??.??"]
[WhiteTeam "SV Groß-Gerau"]
[BlackTeam "Karlsruher SF"]

1. e4 c6 2. d4 d5 3. exd5 cxd5 4. Bd3 Nc6 5. c3 Nf6 6. Bf4 Bg4 7. f3 Bh5 8. Ne2
e6 9. Nd2 Be7 10. O-O O-O 11. Qc2 Qb6 12. Qb3 Qxb3 13. Nxb3 Rac8 14. Bg3 Rfd8
15. Rfe1 Bg6 16. Bxg6 hxg6 17. Nec1 b5 18. a3 a5 19. Nd3 b4 20. axb4 axb4 21.
Nbc5 bxc3 22. bxc3 Nd7 23. Nb7 Re8 24. Nd6 Bxd6 25. Bxd6 Nb6 26. Nb4 Nxb4 27.
cxb4 Nc4 28. Bc5 e5 29. dxe5 Nxe5 30. Rad1 f6 31. f4 Nd7 32. Rxe8+ Rxe8 33.
Rxd5 Nxc5 34. Rxc5 Re4 35. b5 Rxf4 36. b6 Rb4 37. Rc8+ Kh7 38. Rc6 Rb2 39. h3
f5 40. Kh2 f4 41. Kg1 Kh6 42. Kf1 Kh5 43. Rc7 Rxb6 44. Rxg7 Rb2 45. Re7 Kh4 46.
Rh7+ Kg3 47. Rg7 Rf2+ 48. Ke1 Rxg2 49. Rxg6+ Kxh3 50. Rf6 Kg3 51. Kf1 Kf3 52.
Rxf4+ 1/2-1/2

[Event "Sparkassen-Open B"]
[Site "Heusenstamm, Martinsee"]
[Date "2016.11.27"]
[Round "4.32"]
[White "Gräf, Jakob"]
[Black "Mook, Karl-Jürgen"]
[Result "1/2-1/2"]
[WhiteElo "1108"]
[BlackElo "1535"]
[PlyCount "95"]
[EventDate "2016.??.??"]
[WhiteTeam "SV Frankfurt Nord"]
[BlackTeam "SC Sulzbach"]

1. d4 Nf6 2. c4 e6 3. a3 a5 4. Nc3 d5 5. c5 b6 6. Be3 Ng4 7. Qd2 Nxe3 8. Qxe3
Be7 9. Nf3 O-O 10. g3 Bb7 11. Ne5 Nc6 12. Nxc6 Bxc6 13. cxb6 cxb6 14. Bg2 Re8
15. O-O b5 16. Rac1 Qb6 17. Qd2 b4 18. axb4 Bxb4 19. Qd3 Rab8 20. Rc2 Bb5 21.
Nxb5 Qxb5 22. Qb3 Rec8 23. Rfc1 Rxc2 24. Qxc2 Qd7 25. e3 g6 26. Bf1 Qb7 27. Bd3
Bd6 28. Rb1 Rc8 29. Qe2 Rc6 30. e4 Rb6 31. e5 Ba3 32. Qd2 Rxb2 33. Rxb2 Qxb2
34. Qxa5 Qb4 35. Qd8+ Qf8 36. Qxf8+ Kxf8 37. Kf1 Bb2 38. Ke2 Bxd4 39. f4 Bg1
40. h4 h5 41. Bb5 d4 42. Ba4 Ke7 43. Bb5 f6 44. exf6+ Kxf6 45. Bd3 Be3 46. Kf3
Bg1 47. Kg2 Be3 48. Kf3 1/2-1/2

[Event "Sparkassen-Open B"]
[Site "Heusenstamm, Martinsee"]
[Date "2016.11.27"]
[Round "4.33"]
[White "Lachmann, Irma"]
[Black "Jung, Kenny"]
[Result "0-1"]
[WhiteElo "734"]
[BlackElo "1501"]
[PlyCount "90"]
[EventDate "2016.??.??"]
[WhiteTeam "FV Berkersheim"]
[BlackTeam "SF Schöneck"]

1. Nf3 Nc6 2. e3 e5 3. Be2 d5 4. d3 Nf6 5. O-O h6 6. b3 Bd6 7. Bb2 b6 8. c4 d4
9. exd4 exd4 10. Nxd4 Nxd4 11. Bxd4 Bxh2+ 12. Kxh2 Qxd4 13. Nd2 Bf5 14. Nf3
Qd6+ 15. Kg1 O-O-O 16. Qd2 Bxd3 17. Bxd3 Qxd3 18. Qd1 Rhe8 19. Re1 Rxe1+ 20.
Qxe1 Re8 21. Qd2 Qxd2 22. Nxd2 Re2 23. Nf1 Ne4 24. f3 Nd6 25. Ng3 Rd2 26. a4
Rb2 27. Ra3 Kd7 28. a5 Kc6 29. Ne4 Nxe4 30. fxe4 Re2 31. b4 Rxe4 32. Rc3 bxa5
33. bxa5 Kc5 34. Rf3 Re7 35. Rf5+ Kxc4 36. Kf2 g6 37. Rf4+ Kb5 38. Kf3 Re5 39.
g4 f5 40. gxf5 Rxf5 41. Rxf5+ gxf5 42. Kf4 c5 43. Kxf5 c4 44. Kg6 Kxa5 45. Kxh6
c3 0-1

[Event "Sparkassen-Open B"]
[Site "Heusenstamm, Martinsee"]
[Date "2016.11.27"]
[Round "4.34"]
[White "Troeger, Beate"]
[Black "Pomrehn, Ole Magnus"]
[Result "1/2-1/2"]
[WhiteElo "1499"]
[BlackElo "1137"]
[PlyCount "76"]
[EventDate "2016.??.??"]
[WhiteTeam "Vorw.Orient Mainz"]
[BlackTeam "SF Schöneck"]

1. f4 d5 2. Nf3 Bg4 3. e3 Nd7 4. Be2 Bxf3 5. Bxf3 c6 6. b3 Qc7 7. Bb2 e5 8.
fxe5 Nxe5 9. O-O Bd6 10. g3 Nf6 11. Nc3 h5 12. Ne2 h4 13. Qe1 Ned7 14. gxh4
Bxh2+ 15. Kg2 Bd6 16. Rh1 Rh6 17. Nf4 O-O-O 18. Bxf6 Nxf6 19. h5 Bxf4 20. exf4
Qxf4 21. Rh4 Qc7 22. Qe2 Re8 23. Bg4+ Kd8 24. Qf3 Qe5 25. Rf1 Qe4 26. d3 Qxf3+
27. Bxf3 Re5 28. Rfh1 Rg5+ 29. Kf2 Ke8 30. d4 Kf8 31. Ke3 Rf5 32. c4 Ke7 33. c5
Kf8 34. Be2 a6 35. a4 Ke7 36. Kd3 Kd7 37. Kc3 Kc7 38. Kb4 Kb8 1/2-1/2

[Event "Sparkassen-Open B"]
[Site "Heusenstamm, Martinsee"]
[Date "2016.11.27"]
[Round "4.39"]
[White "Solovej, Philip"]
[Black "Bjoerknes, Uwe"]
[Result "1/2-1/2"]
[WhiteElo "1132"]
[BlackElo "1748"]
[PlyCount "70"]
[EventDate "2016.??.??"]
[WhiteTeam "SK Gründau"]
[BlackTeam "SC Bergen-Enkheim"]

1. e4 e6 2. Nf3 d5 3. exd5 exd5 4. Bb5+ c6 5. Ba4 Nf6 6. O-O Be7 7. d4 O-O 8.
Be3 a5 9. c3 Bg4 10. Nbd2 Ne4 11. Bc2 f5 12. Bf4 Nd7 13. h3 Bh5 14. Qe2 Ndf6
15. Bd1 Bd6 16. Bxd6 Qxd6 17. Qe3 Rae8 18. Qd3 Qf4 19. Qe3 Qxe3 20. fxe3 Ng3
21. Re1 f4 22. Ne5 Bxd1 23. Raxd1 Nfe4 24. Nxe4 Nxe4 25. exf4 Rxf4 26. Nd3 Rff8
27. a3 Re6 28. Re3 Ref6 29. Re2 Rf5 30. Rde1 g6 31. Nc5 Nxc5 32. dxc5 Kg7 33.
Re7+ R8f7 34. Rxf7+ Kxf7 35. Rf1 Ke6 1/2-1/2

[Event "Sparkassen-Open B"]
[Site "Heusenstamm, Martinsee"]
[Date "2016.11.27"]
[Round "4.40"]
[White "Ebeling, Gereon"]
[Black "Häfner, Günther"]
[Result "1/2-1/2"]
[WhiteElo "1356"]
[BlackElo "892"]
[PlyCount "72"]
[EventDate "2016.??.??"]
[WhiteTeam "SK Mainaschaff"]
[BlackTeam "FV Berkersheim"]

1. e4 c5 2. Nf3 Nc6 3. Bb5 e6 4. c4 Nf6 5. Nc3 a6 6. Bxc6 bxc6 7. b3 d5 8. d3
d4 9. Ne2 Be7 10. O-O Qc7 11. Bf4 Qb7 12. h3 O-O 13. Qc1 Nd7 14. Qa3 a5 15.
Rab1 Qb4 16. Qa4 Qxa4 17. bxa4 f6 18. Nc1 e5 19. Bd2 Bd8 20. Nb3 Bb6 21. Rb2
Nb8 22. Rfb1 Na6 23. Nbxd4 cxd4 24. Rxb6 c5 25. R6b2 Nb4 26. Ne1 Bd7 27. a3 Nc6
28. Rb5 Rfb8 29. Rxb8+ Nxb8 30. Bxa5 Bxa4 31. Bd2 Nd7 32. f3 Bc6 33. Ra1 Ba4
34. Rb1 Bc6 35. Ra1 Ba4 36. Kf2 Rb8 1/2-1/2

[Event "Sparkassen-Open B"]
[Site "Heusenstamm, Martinsee"]
[Date "2016.11.27"]
[Round "4.41"]
[White "Mainka, Susanne"]
[Black "Junkers, Günter"]
[Result "1-0"]
[WhiteElo "1147"]
[BlackElo "1255"]
[PlyCount "93"]
[EventDate "2016.??.??"]
[WhiteTeam "SG Wächtersbach"]
[BlackTeam "SG Rödermark"]

1. d4 Nc6 2. Nf3 f6 3. e3 e5 4. a3 exd4 5. Nxd4 Nxd4 6. Qxd4 c5 7. Qa4 a6 8. c4
Bd6 9. Bd2 Be5 10. Nc3 Ne7 11. Bd3 Nc6 12. b4 O-O 13. O-O d6 14. Qc2 f5 15.
Rab1 Ne7 16. f4 Bf6 17. e4 Bd7 18. Rbe1 Bd4+ 19. Kh1 Qc8 20. Nd5 Nxd5 21. exd5
Qd8 22. Be3 Qf6 23. Qe2 Bc3 24. Bd2 Rae8 25. Qf2 Bd4 26. Be3 Bc3 27. Bd2 Bd4
28. Be3 Bc3 29. Re2 Bd4 30. bxc5 Bxc5 31. Bxc5 Rxe2 32. Bxe2 dxc5 33. Qxc5 Re8
34. Bf3 Rc8 35. Qb4 b5 36. c5 Re8 37. c6 Bc8 38. d6 Be6 39. d7 Ra8 40. c7 Rf8
41. c8=Q Rxc8 42. dxc8=Q+ Bxc8 43. Qc5 Be6 44. Qc6 Bc4 45. Bd5+ Bxd5 46. Qxd5+
Kh8 47. Qa8+ 1-0

[Event "Sparkassen-Open B"]
[Site "Heusenstamm, Martinsee"]
[Date "2016.11.27"]
[Round "4.42"]
[White "Pessotschinski, Eduard"]
[Black "Grudniewski, Andreas"]
[Result "0-1"]
[WhiteElo "1139"]
[BlackElo "1210"]
[PlyCount "102"]
[EventDate "2016.??.??"]
[WhiteTeam "TuS Makkabi"]
[BlackTeam "SC Somborn"]

1. e4 c5 2. Nf3 d6 3. d4 cxd4 4. Nxd4 Nf6 5. Nc3 a6 6. Bc4 e6 7. f4 Be7 8. e5
dxe5 9. fxe5 Nd5 10. Nxd5 exd5 11. Bb3 O-O 12. Qf3 Nc6 13. c3 Nxe5 14. Qxd5
Qxd5 15. Bxd5 Nd3+ 16. Kd2 Nxc1 17. Kxc1 Rd8 18. Bf3 Bf6 19. Rd1 Bxd4 20. Rxd4
Rxd4 21. cxd4 Rb8 22. Kd2 Be6 23. a3 b5 24. Rc1 f6 25. Rc6 Bc8 26. Bd5+ Kh8 27.
Rd6 h6 28. Rd8+ Kh7 29. Be6 Bxe6 30. Rxb8 Bd5 31. g3 Kg6 32. Re8 a5 33. Kc3 a4
34. Kb4 Bc4 35. d5 Bxd5 36. Re3 Bc4 37. b3 axb3 38. Rxb3 Bxb3 39. Kxb3 Kf5 40.
Kb4 Ke6 41. Kxb5 f5 42. Kc6 g5 43. a4 f4 44. gxf4 gxf4 45. a5 f3 46. a6 f2 47.
a7 f1=Q 48. Kb7 Qg2+ 49. Kb8 Qxh2+ 50. Kb7 Qg2+ 51. Kb8 h5 0-1

[Event "Sparkassen-Open B"]
[Site "Heusenstamm, Martinsee"]
[Date "2016.11.27"]
[Round "5.1"]
[White "Sikorra, Philipp"]
[Black "Pogosian, Norair"]
[Result "1-0"]
[WhiteElo "1790"]
[BlackElo "1697"]
[PlyCount "87"]
[EventDate "2016.??.??"]
[WhiteTeam "SC Ladja Roßdorf"]
[BlackTeam "SK Ötigheim"]

1. e4 e5 2. f4 d5 3. exd5 exf4 4. Nf3 Nf6 5. d4 Nxd5 6. Be2 Bd6 7. O-O O-O 8.
c4 Ne3 9. Bxe3 fxe3 10. Nc3 Bf5 11. Qb3 Nc6 12. Qxb7 Qd7 13. d5 Nb4 14. Qb5
Qxb5 15. Nxb5 Bd3 16. Nfd4 Bc5 17. a3 Bxd4 18. Nxd4 Bxe2 19. Nxe2 Nd3 20. b4 f5
21. Nf4 Nxf4 22. Rxf4 g5 23. Rd4 f4 24. Re4 Rae8 25. Rxe8 Rxe8 26. Kf1 Re4 27.
Rc1 Rd4 28. Rc2 Kf7 29. Ke2 h5 30. a4 Kf6 31. b5 Ke5 32. a5 g4 33. g3 Rd2+ 34.
Rxd2 exd2 35. gxf4+ Kd4 36. b6 Kc3 37. Kd1 axb6 38. a6 h4 39. a7 g3 40. a8=Q g2
41. Qa1+ Kd3 42. Qg7 h3 43. f5 Ke3 44. Qg3+ 1-0

[Event "Sparkassen-Open B"]
[Site "Heusenstamm, Martinsee"]
[Date "2016.11.27"]
[Round "5.2"]
[White "Krychevskiy, Dmytro"]
[Black "Rupp, Arnim"]
[Result "1-0"]
[WhiteElo "1692"]
[BlackElo "1280"]
[PlyCount "73"]
[EventDate "2016.??.??"]
[WhiteTeam "SV Oberursel"]
[BlackTeam "SC Eschborn"]

1. e4 d5 2. exd5 Nf6 3. Nc3 Nxd5 4. d4 Nxc3 5. bxc3 e6 6. Be2 Bd6 7. Rb1 b6 8.
Bf3 c6 9. Ne2 Qc7 10. h3 O-O 11. O-O h6 12. Bd2 Nd7 13. Qc1 g5 14. Re1 f6 15.
Bh5 Ba6 16. h4 Be7 17. f4 Qd8 18. fxg5 hxg5 19. hxg5 fxg5 20. Ng3 Bc4 21. Bf3
Bd5 22. Be2 b5 23. a4 a6 24. Bd3 Nb6 25. axb5 axb5 26. Qd1 Rf7 27. Qh5 Nc4 28.
Rf1 Rg7 29. Bc1 Qd6 30. Qg4 Rf8 31. Rxf8+ Kxf8 32. Qh3 Ke8 33. Ra1 c5 34. Qh8+
Bf8 35. Nh5 Rb7 36. Nf6+ Kd8 37. Ra8+ 1-0